书目信息 |
| 题名: |
UG NX 10.0快速入门指南
|
|
| 作者: | 米俊杰 编著 | |
| 分册: | ||
| 出版信息: | 北京 电子工业出版社 2015 |
|
| 页数: | 308页 | |
| 开本: | 26cm | |
| 丛书名: | UG认证工程师成长之路丛书 | |
| 单 册: | ||
| 中图分类: | TB472-39 , TP391.72 | |
| 科图分类: | ||
| 主题词: | 产品设计--计算机辅助设计--应用软件 , 计算机应用 | |
| 电子资源: | ||
| ISBN: | 978-7-121-25670-7 | |
| 000 | 01018nam0 2200289 450 | |
| 001 | 217 | |
| 005 | 20161114093626.18 | |
| 010 | @a978-7-121-25670-7@dCNY49.90 | |
| 100 | @a20150428d2015 em y0chiy50 ea | |
| 101 | 0 | @achi |
| 102 | @aCN@b110000 | |
| 105 | @aa z 000yy | |
| 200 | 1 | @aUG NX 10.0快速入门指南@9UG NX 10.0 kuai su ru men zhi nan@f米俊杰编著 |
| 210 | @a北京@c电子工业出版社@d2015 | |
| 215 | @a308页@c图@d26cm@e1光盘 | |
| 225 | 1 | @aUG认证工程师成长之路丛书 |
| 300 | @a配全程语音视频教程附光盘 | |
| 307 | @a附光盘:ISBN 978-7-89394-071-2 | |
| 330 | @a本书包括了UG NX 10.0安装方法和软件设置、二维草图的设计、零件设计、装配设计、工程图设计、曲面设计、钣金设计、运动仿真与分析等,书中还配有大量范例及实际综合应用实例。 | |
| 606 | 0 | @a产品设计@x计算机辅助设计@x应用软件 |
| 606 | 0 | @a计算机应用 |
| 610 | 0 | @aUG NX |
| 690 | @aTB472-39@v5 | |
| 690 | @aTP391.72@v4 | |
| 701 | 0 | @a米俊杰@9mi jun jie@4编著 |
| 801 | 0 | @aCN@b大连网信软件有限公司图书馆·11@c20161114 |
| 905 | @aZUCC@dTB472-39@e271 | |
| UG NX 10.0快速入门指南/米俊杰编著.-北京:电子工业出版社,2015 |
| 308页:图;26cm+1光盘.-(UG认证工程师成长之路丛书) |
| 配全程语音视频教程附光盘 |
| ISBN 978-7-121-25670-7:CNY49.90 |
| 本书包括了UG NX 10.0安装方法和软件设置、二维草图的设计、零件设计、装配设计、工程图设计、曲面设计、钣金设计、运动仿真与分析等,书中还配有大量范例及实际综合应用实例。 |
| ● |
| 相关链接 |
|
|
|
|
正题名:UG NX 10.0快速入门指南
索取号:TB472-39/271
 
预约/预借
| 序号 | 登录号 | 条形码 | 馆藏地/架位号 | 状态 | 备注 |
| 1 | 907322 | 209073223 | 第二样本阅览室/ [索取号:TB472-39/271] | 在馆 | |
| 2 | 907323 | 209073232 | 第三借阅区/ [索取号:TB472-39/271] | 在馆 | |
| 3 | 907324 | 209073241 | 第三借阅区/ [索取号:TB472-39/271] | 在馆 | |
| 4 | 907325 | 209073250 | 第三借阅区/ [索取号:TB472-39/271] | 在馆 | |
| 5 | 907326 | 209073269 | 第三借阅区/ [索取号:TB472-39/271] | 在馆 |